Optical properties and band structure of semiconductors
Сохранить в:
| Главный автор: | |
|---|---|
| Формат: | |
| Язык: | Undetermined |
| Опубликовано: |
Oxford
Pergamon Press
1968
|
| Предметы: | |
| Метки: |
Добавить метку
Нет меток, Требуется 1-ая метка записи!
|
| Thư viện lưu trữ: | Trung tâm Học liệu Trường Đại học Cần Thơ |
|---|
| LEADER | 00524nam a2200181Ia 4500 | ||
|---|---|---|---|
| 001 | CTU_82975 | ||
| 008 | 210402s9999 xx 000 0 und d | ||
| 082 | |a 537.6 | ||
| 082 | |b G795 | ||
| 100 | |a Greenaway, David L. | ||
| 245 | 0 | |a Optical properties and band structure of semiconductors | |
| 245 | 0 | |c David L. Greenaway, Gunther Harbeke | |
| 260 | |a Oxford | ||
| 260 | |b Pergamon Press | ||
| 260 | |c 1968 | ||
| 650 | |a Semiconductors | ||
| 904 | |i QHieu(sửa) | ||
| 980 | |a Trung tâm Học liệu Trường Đại học Cần Thơ | ||